| 000 | 01406cam a22003255a 4500 | ||
|---|---|---|---|
| 001 | L159065 | ||
| 008 | 121121s2013 xxko f 000 0 eng d | ||
| 020 | _a9781848063204 | ||
| 035 | _a(Sirsi) u159065 | ||
| 041 | 0 | _aeng | |
| 050 | 0 | 4 | _a691 |
| 100 | 1 | _aAlbury, Kim | |
| 245 | 0 | 0 | _aEnvironmental impact of brick, stone and concrete |
| 260 |
_aWatford _bBRE _c2013 |
||
| 300 |
_a16p. _bill. _c30cm. |
||
| 490 | 0 |
_aBRE _v(FB 58) |
|
| 520 | _aReviews how brick, stone and concrete materials have been assessed within The Green Guide to Specification, including the application of the Environmental Profiles methodology, which underlines Green Guide data. The way in which brick, stone and concrete are addressed within building-level environmental assessment schemes such as BREEAM and the Code for Sustainable Homes is also explained. Gives a general understanding of the significant benefits and impacts of brick, stone and concrete products over their whole life cycle and helps to identify opportunities for improvements to their environmental performance. | ||
| 521 | _aAdvanced | ||
| 590 | _aKA | ||
| 650 | 2 | 4 | _aENVIRONMENTAL ASSESSMENT |
| 650 | 2 | 4 | _aCONCRETE |
| 650 | 2 | 4 | _aBRICK |
| 650 | 2 | 4 | _aSTONE |
| 651 | 4 |
_aUnited Kingdom _y |
|
| 690 | _aBuilding materials and defects | ||
| 690 |
_aEnvironment _96238 |
||
| 700 | 1 | _aFranklin, Emma | |
| 700 | 1 | _aAndreson, Jane | |
| 942 | _n0 | ||
| 999 |
_c115659 _d115659 |
||